00330nam a2200133Ia 450000500170000000800410001704100080005808200160006610000190008224500260010126000480012730000090017565000120018420250729165734.0250729s2013 xx 000 0 und d akan a490.25 KARS aKarnataka Govt aSirigannada - 9th Std aBangalorebKarnataka Text Book Socityc2013 a180p aKannada